000 01550nab a22002897a 4500
999 _c5559
_d5559
003 OSt
005 20251218081406.0
008 190429b xxu||||| |||| 00| 0 spa d
040 _cPJ
100 _96103
_aBaqué, Santiago P.
245 1 3 _aLa víctima frente a una verdad consensuada. Ideas y consecuencias del fallo Jaureguiber /
_cSantiago P. Baqué.
260 _cCiudad Autónoma de Buenos Aires :
_aThomson Reuters La Ley,
_b2025.
300 _ap. 111-119
500 _aCita: TR LALEY AR/DOC/407/2025.
505 _aSumario: I. Introducción.— II. Fundamentos de legitimación procesal.— III. Fundamentos desde las bases del derecho penal.— IV. Una decisión de política procesal.
505 _aFallo comentado: SC Buenos Aires ~ 03/06/2024 ~ Sobrino, Marcelo Alberto, Fiscal General del Departamento Judicial de Azul s/ recurso extraordinario de inaplicabilidad de ley en causa N.º 45.415 de la Cámara de Apelación y Garantías en lo Penal de Azul, seguida a Jaureguiber, Luciano.
505 _tSi te interesa el texto completo, solicitalo a koha@justierradelfuego.gov.ar
650 0 _9343
_aDERECHO PENAL
650 0 _92348
_aPROCESO PENAL
650 0 _94885
_aDERECHOS DE LA VÍCTIMA
650 0 _93047
_aVÍCTIMA DEL DELITO
650 0 _92676
_aJUICIO ORAL
650 0 _93088
_aJUICIO ABREVIADO
650 0 _92678
_aACCIÓN PENAL
773 0 _02658
_93164
_tRevista de derecho penal y criminología. Nº 3 - Abril 2025
_dCiudad Autónoma de Buenos Aires : Thomson Reuters La Ley, 2017-
_x00347914
942 _2udc
_cANA